LEADER 01065nam a2200289 a 4500 001 000000151522 003 CaOOAMICUS 005 20160504161102.0 008 160504s2015 it u000 u ita r 020 $a978-88-308-1426-4* 032 $aLibriCat 040 $aPUL$bita 100 1 $aMazzolini, Sandra,$d1956-$0(OLS)http://pul/name/41850 245 10$aConcilio /$cSandra Mazzolini. 260 $aAssisi :$bCittadella,$c©2015. 300 $a126 p. ;$c21 cm. 490 1 $aLe Parole della fede 504 $aBibliografia p. [121]-126. 650 4$aConcili e sinodi.$0(OLS)http://pul/subject/1553 830 3$aLe Parole della fede.$0(OLS)http://pul/title/163636 850 $aPUL 852 $aPUL$W1$xSL Religione 3$y85$m234 COLL 1.8$j174090$qDDC 21$B176570$CPULBib$Z2$F176570 $H127671 $81 941 1 $a9 996 $6020$a978-88-308-1426-4*$9(OLS)http://pul/number/160351 996 $6245$aConcilio$9(OLS)http://pul/title/190792 996 $6260$aAssisi :$bCittadella$9(OLS)http://pul/publisher/49668 LEADER 01215nam a2200265 a 4500 001 000000155777 003 CaOOAMICUS 005 20161103150230.0 008 161103s1991 it u000 u eng r 032 $aLibriCat 040 $aPUL$bita 100 1 $aNjezhukumkattil, Mathew.$0(OLS)http://pul/name/99227 245 10$aBeing of the priest an adoptive sharing in the beig of Juses Christ /$cMathew Njezhukumkattil. 260 $aRomae :$b[s.n.],$c1991. 300 $a73 p. ; $c24 cm. 502 $aDissertatio ad lauream in facultate S. Theologiae apud Pontificiam Universitatem S. Thomae de Urbe.1991. 504 $aBibliografia in nota a pič pagina. 650 04$aSacerdoti.$0(OLS)http://pul/subject/9003 710 2 $aPontificia Universitą S. Tommaso.$bFacoltą di teologia.$kTesi.$0(OLS)http://pul/name/81834 850 $aPUL 852 $aPUL$W1$xDP1 Tesi Pon. Univ. S. Tommaso$y44$mTH S.THOM TH788$j178920$qTesi$B182096$CPULBib$Z2$F182096 $H67319 $82 941 1 $a16 996 $6245$aBeing of the priest an adoptive sharing in the beig of Juses Christ$9(OLS)http://pul/title/195435 996 $6260$aRomae :$b[s.n.]$9(OLS)http://pul/publisher/48223